00725cam a22002051 45000010005000000030008000050050017000130080039000300350018000690350019000870400045001060410008001510820026001591100039001851110089002242450124003132600024004373000023004616500035004841888BD-RjUL20211208233432.0160921s1965 pk f100 0 eng a(BD-RjUL)1915 a(OCoLC)1539988 aDLCcOCedCdOCoLCdUkdDLCdBD-RjULbeng aeng a338.4763371bEAL 1965 aEast Pakistan Bureau of Statistics2 aConference on the Necessary Conditions of a Free Societyd(1961 :cPrinceton, N. J.)10aList of Registered Bidi Factories, 1963-64 : b(Corrected up to 30th April, 1964) /cEast Pakistan Bureau of Statistics aDacca:bEPGP,c1965 a[6], 82 p.c23 cm. aTobaco IndustryzEast Pakistan